| 000 -LEADER |
| fixed length control field |
00704nam a22001577a 4500 |
| 003 - CONTROL NUMBER IDENTIFIER |
| control field |
OSt |
| 005 - DATE AND TIME OF LATEST TRANSACTION |
| control field |
20150930172909.0 |
| 008 - FIXED-LENGTH DATA ELEMENTS--GENERAL INFORMATION |
| fixed length control field |
150930b xxu||||| |||| 00| 0 eng d |
| 040 ## - CATALOGING SOURCE |
| Transcribing agency |
RUA |
| 082 ## - DEWEY DECIMAL CLASSIFICATION NUMBER |
| Classification number |
AVM NOU 1994 B067 Or.1 |
| 100 ## - MAIN ENTRY--PERSONAL NAME |
| 9 (RLIN) |
1638 |
| Personal name |
NOU VONIKA |
| 245 ## - TITLE STATEMENT |
| Title |
Economy of swine pathology in koh andeth and cham karleu villages, bakan distric pursat province, (សេដ្ឋកិច្ច នៃជំងឹជ្រូក នៅភូមិកោះអណ្ដែត និង ភូមិចំការលើក្នុងស្រុកបាកាន ខេត្តពោធិ៍សាត់) |
| 260 ## - PUBLICATION, DISTRIBUTION, ETC. (IMPRINT) |
| Place of publication, distribution, etc. |
phnom penh |
| Name of publisher, distributor, etc. |
RUA |
| Date of publication, distribution, etc. |
1994 |
| 300 ## - PHYSICAL DESCRIPTION |
| Extent |
72p. |
| Other physical details |
ill. |
| Dimensions |
29cm. |
| 942 ## - ADDED ENTRY ELEMENTS (KOHA) |
| Source of classification or shelving scheme |
|
| Koha item type |
AVM |